Rúbrica Histórica e Iconografía sobre el 9 de Enero de 1964. / (Registro nro. 43285)
[ vista simple ]
| 000 -CABECERA | |
|---|---|
| campo de control de longitud fija | 00635nam a2200169 a 4500 |
| 001 - NÚMERO DE CONTROL | |
| campo de control | 000043796 |
| 005 - FECHA Y HORA DE LA ÚLTIMA TRANSACCIÓN | |
| campo de control | 20201002044955.0 |
| 008 - DATOS DE LONGITUD FIJA--INFORMACIÓN GENERAL | |
| campo de control de longitud fija | 140501s2014 pn ac 000 0 spa d |
| 020 ## - NÚMERO INTERNACIONAL ESTÁNDAR DEL LIBRO | |
| Número Internacional Estándar del Libro | 9789962056607 |
| 040 ## - FUENTE DE LA CATALOGACIÓN | |
| Centro catalogador/agencia de origen | DO-SdBNP |
| Lengua de catalogación | spa |
| Centro/agencia transcriptor | BNPHU |
| 100 1# - ENTRADA PRINCIPAL--NOMBRE DE PERSONA | |
| Nombre de persona | Del Cid Felipe, José Alberto |
| 9 (RLIN) | 71629 |
| 245 10 - MENCIÓN DE TÍTULO | |
| Título | Rúbrica Histórica e Iconografía sobre el 9 de Enero de 1964. / |
| Mención de responsabilidad, etc. | José Alberto Del Cid Felipe; prólogo Marcos Ramírez Gómez. |
| 246 12 - FORMA VARIANTE DE TÍTULO | |
| Título propio/Titulo breve | Iconografía sobre el 9 de enero de 1964 |
| 260 ## - PUBLICACIÓN, DISTRIBUCIÓN, ETC. | |
| Lugar de publicación, distribución, etc. | Panama, : |
| Nombre del editor, distribuidor, etc. | Universidad de Panamá, |
| Fecha de publicación, distribución, etc. | 2014. |
| 504 ## - NOTA DE BIBLIOGRAFÍA, ETC. | |
| Nota de bibliografía, etc. | Bibliografía p: 123-124 |
| 700 12 - PUNTO DE ACCESO ADICIONAL--NOMBRE DE PERSONA | |
| Nombre de persona | Ramírez Gómez, Marcos |
| Término indicativo de función/relación | prol. |
| 9 (RLIN) | 71630 |
| Estado de retiro | Estado de pérdida | Restricciones de uso | No para préstamo | Código de colección | Localización permanente | Ubicación/localización actual | Ubicación en estantería | Fecha de adquisición | Número de inventario | Total de préstamos | Signatura topográfica completa | Código de barras | Fecha visto por última vez | Precio válido a partir de | Tipo de ítem Koha |
|---|---|---|---|---|---|---|---|---|---|---|---|---|---|---|---|
| Excluido de préstamo | Monografías: Libros y Folletos | General | General | En catalogación | 01.05.2014 | LF1 | 43796-10 | 25.06.2020 | 25.06.2020 | No se presta |
